000 00403nam a2200133Ia 4500
008 220217s9999||||xx |||||||||||||| ||und||
020 _a978-81-317-0513-1
082 _a621.382 2 RAB
100 _aLawrence, Robines, R
_96693
245 0 _adigital processing of speech signals
260 _aPearson education of asia
_bNew Delhi
_c2010
300 _a528p.
_b425
650 _aSIGNAL PROCESSING
_9719
999 _c179440
_d179440